[Event "HUN-chT2 Toth 1718"]
[Site "Hungary"]
[Date "2017.11.26"]
[Round "4.11"]
[White "Rab, Janos"]
[Black "Virag, Tamas"]
[Result "0-1"]
[WhiteElo "1796"]
[BlackElo "1759"]
[PlyCount "94"]
[EventDate "2017.09.24"]
[EventType "team-tourn"]
[EventRounds "11"]
[EventCountry "HUN"]
[SourceTitle "EXT 2021"]
[Source "ChessBase"]
[SourceDate "2020.10.23"]
[SourceVersion "1"]
[SourceVersionDate "2020.10.23"]
[SourceQuality "1"]
[WhiteTeam "Karcag"]
[BlackTeam "Kecskemet Toth Laszlo II"]
[WhiteTeamCountry "HUN"]
[BlackTeamCountry "HUN"]

1. d4 Nf6 2. Nf3 e6 3. a3 d5 4. Bg5 c5 5. e3 Nc6 6. c3 a6 7. Nbd2 Be7 8. Be2 0-0 9. 0-0 Qc7 10. Rc1 c4 11. Qc2 Bd7 12. Rfe1 b5 13. e4 a5 14. e5 Ne8 15. Bxe7 Nxe7 16. Ng5 g6 17. Ndf3 h6 18. Nh3 Kg7 19. Nf4 Rb8 20. Qd2 Qb6 21. Bd1 b4 22. axb4 axb4 23. cxb4 Qxb4 24. Re2 Nc7 25. Qc3 Qb6 26. b3 Nb5 27. Qb4 Nc6 28. Qc5 Nbxd4 29. Qxb6 Rxb6 30. bxc4 Nxe2+ 31. Nxe2 dxc4 32. g3 Na5 33. Nc3 Bc6 34. Nd4 Rd8 35. Nxc6 Rxc6 36. Ne4 Rxd1+ 37. Rxd1 c3 38. Rc1 c2 39. Nd2 Rc3 40. Kf1 Nc4 41. Ne4 Rf3 42. Ke2 Nxe5 43. Rxc2 Ra3 44. Kf1 Nf3 45. h4 Ra1+ 46. Ke2 Nd4+ 47. Kd3 Nxc2 0-1

[Event "HUN-chT2 Toth 1617"]
[Site "Hungary"]
[Date "2017.03.12"]
[Round "10.9"]
[White "Virag, Tamas"]
[Black "Papp, Bence"]
[Result "1-0"]
[WhiteElo "1737"]
[BlackElo "1793"]
[PlyCount "167"]
[EventDate "2016.09.25"]
[EventType "team-tourn"]
[EventRounds "11"]
[EventCountry "HUN"]
[SourceTitle "EXT 2021"]
[Source "ChessBase"]
[SourceDate "2020.10.23"]
[SourceVersion "1"]
[SourceVersionDate "2020.10.23"]
[SourceQuality "1"]
[WhiteTeam "Kecskemet Toth Laszlo II"]
[BlackTeam "Szeged Meritum"]
[WhiteTeamCountry "HUN"]
[BlackTeamCountry "HUN"]

1. c4 e5 2. Nc3 Nc6 3. g3 Nf6 4. Bg2 Bb4 5. d3 0-0 6. a3 Bxc3+ 7. bxc3 Re8 8. e4 d6 9. Nf3 Bg4 10. 0-0 h6 11. Re1 Qd7 12. Bb2 Na5 13. Qc2 Bh3 14. a4 Bxg2 15. Kxg2 Nh5 16. h3 g5 17. Bc1 f5 18. Rb1 Rf8 19. Qe2 Nf6 20. exf5 Qxf5 21. Bd2 Rae8 22. Rb5 b6 23. Nh2 a6 24. Rb4 Nb7 25. Ng4 Nxg4 26. hxg4 Qg6 27. Qe4 Qxe4+ 28. Rxe4 Nc5 29. Re3 a5 30. Rb1 Nxa4 31. d4 exd4 32. cxd4 Rxe3 33. fxe3 c5 34. d5 Kh7 35. Rb3 h5 36. gxh5 g4 37. Bc1 Rb8 38. Ra3 b5 39. cxb5 Nb6 40. Rxa5 Nc4 41. Ra4 Ne5 42. e4 Rxb5 43. Ra7+ Kg8 44. Bf4 Rb2+ 45. Kf1 Nf3 46. Ra6 Rb4 47. Rxd6 Rxe4 48. Rd8+ Kf7 49. Rc8 Re1+ 50. Kf2 Rh1 51. Rc7+ Ke8 52. h6 Ne1 53. h7 Nd3+ 54. Ke3 Nxf4 55. Kxf4 Kd8 56. Ra7 c4 57. h8Q+ Rxh8 58. Ra8+ Kd7 59. Rxh8 c3 60. Kxg4 c2 61. Rh1 Kd6 62. Rc1 Kxd5 63. Rxc2 Kd4 64. Re2 Kd5 65. Kf4 Kd6 66. Kf5 Kd7 67. Kf6 Kd6 68. Rd2+ Kc5 69. Ke5 Kc4 70. Rd8 Kc3 71. Ke4 Kc2 72. Ke3 Kc3 73. Rc8+ Kb4 74. Kd4 Kb5 75. Rc1 Kb6 76. Kd5 Kb7 77. Kd6 Ka6 78. Rb1 Ka5 79. Kc5 Ka4 80. Rb8 Ka3 81. Kc4 Ka2 82. Kc3 Ka1 83. Kc2 Ka2 84. Ra8# 1-0

[Event "HUN-chT2 Toth 1617"]
[Site "Hungary"]
[Date "2017.02.26"]
[Round "9.10"]
[White "Virag, Tamas"]
[Black "Szajbely, Samuel Janos"]
[Result "0-1"]
[WhiteElo "1737"]
[BlackElo "1687"]
[PlyCount "64"]
[EventDate "2016.09.25"]
[EventType "team-tourn"]
[EventRounds "11"]
[EventCountry "HUN"]
[SourceTitle "EXT 2021"]
[Source "ChessBase"]
[SourceDate "2020.10.23"]
[SourceVersion "1"]
[SourceVersionDate "2020.10.23"]
[SourceQuality "1"]
[WhiteTeam "Kecskemet Toth Laszlo II"]
[BlackTeam "Szeged Maroczy II"]
[WhiteTeamCountry "HUN"]
[BlackTeamCountry "HUN"]

1. c4 Nf6 2. Nc3 g6 3. g3 Bg7 4. Bg2 0-0 5. Nf3 d6 6. 0-0 c5 7. a3 Nc6 8. Rb1 Be6 9. d3 Rb8 10. b4 Nd7 11. Bd2 Nde5 12. Nxe5 Nxe5 13. bxc5 dxc5 14. Rxb7 Rxb7 15. Bxb7 Qc7 16. Bg2 Rb8 17. Qc2 Nc6 18. Nb5 Rxb5 19. Bxc6 Rb2 20. Qxb2 Bxb2 21. Bf3 Bxa3 22. Rb1 Bb4 23. Bxb4 cxb4 24. Rxb4 Qc5 25. Rb5 Qd4 26. Kg2 Qc3 27. c5 a5 28. Bc6 Kg7 29. d4 Qxd4 30. Rxa5 Bd5+ 31. Bxd5 Qxd5+ 32. f3 Qd2 0-1

[Event "HUN-chT2 Toth 1516"]
[Site "Hungary"]
[Date "2016.03.20"]
[Round "9.10"]
[White "Virag, Tamas"]
[Black "Farkas, Boldizsar"]
[Result "1-0"]
[WhiteElo "1734"]
[BlackElo "1469"]
[PlyCount "49"]
[EventDate "2015.09.13"]
[EventType "team-tourn"]
[EventRounds "11"]
[EventCountry "HUN"]
[SourceTitle "EXT 2017"]
[Source "ChessBase"]
[SourceDate "2016.10.25"]
[SourceVersion "1"]
[SourceVersionDate "2016.10.25"]
[SourceQuality "1"]
[WhiteTeam "Toth Laszlo II"]
[BlackTeam "Roszke"]
[WhiteTeamCountry "HUN"]
[BlackTeamCountry "HUN"]

1. Nf3 Nf6 2. c4 e6 3. g3 d5 4. cxd5 exd5 5. Bg2 Bd6 6. Nc3 c6 7. d3 0-0 8. 0-0 Bg4 9. Bg5 h6 10. Bd2 Nbd7 11. a3 Re8 12. Qc2 Nc5 13. b4 Ne6 14. e4 Bxf3 15. Bxf3 Nd4 16. Qd1 Nxf3+ 17. Qxf3 dxe4 18. Nxe4 Nxe4 19. dxe4 Bxg3 20. fxg3 Qxd2 21. Rad1 Qa2 22. Rd7 f6 23. Qg4 g5 24. Qf5 Qe6 25. Qg6+ 1-0

[Event "HUN-chT2 Toth 1415"]
[Site "Hungary"]
[Date "2015.04.26"]
[Round "11.11"]
[White "Virag, Tamas"]
[Black "Bartos, Ferenc"]
[Result "0-1"]
[WhiteElo "1618"]
[BlackElo "1802"]
[PlyCount "102"]
[EventDate "2014.09.07"]
[EventType "team-tourn"]
[EventRounds "11"]
[EventCountry "HUN"]
[SourceTitle "EXT 2016"]
[Source "ChessBase"]
[SourceDate "2015.10.08"]
[SourceVersion "1"]
[SourceVersionDate "2015.10.08"]
[SourceQuality "1"]
[WhiteTeam "Toth Laszlo"]
[BlackTeam "Roszke"]
[WhiteTeamCountry "HUN"]
[BlackTeamCountry "HUN"]

1. c4 f5 2. Nc3 e6 3. e3 Nf6 4. Nge2 Bb4 5. a3 Bxc3 6. Nxc3 0-0 7. d4 d6 8. g3 c6 9. Bg2 Qe8 10. 0-0 e5 11. Re1 e4 12. b4 d5 13. cxd5 Nxd5 14. Bb2 Be6 15. Nxd5 Bxd5 16. Rc1 Nd7 17. Rc3 Nb6 18. Qc2 Qe6 19. Rc1 a6 20. a4 Nc8 21. Bf1 Nd6 22. a5 Nb5 23. Bxb5 axb5 24. Qe2 Rfc8 25. Ra3 Ra6 26. Rca1 Bb3 27. Qd2 Ba4 28. Qc3 Rd8 29. d5 Qf7 30. dxc6 Rxc6 31. Qe5 Qf6 32. Qxf6 gxf6 33. Bd4 Rc2 34. R3a2 Rc4 35. Bc5 Kf7 36. Kf1 Rd5 37. Ke1 Ke6 38. Rd2 Rxd2 39. Kxd2 Rc2+ 40. Ke1 Rc4 41. h4 h5 42. Ra2 Rc1+ 43. Ke2 Bb3 44. Kd2 Rxc5 45. Rb2 Rd5+ 46. Ke2 Ba4 47. f3 Bd1+ 48. Kf2 exf3 49. Ra2 Rd6 50. Ra1 Be2 51. Rc1 Rd1 0-1

[Event "HUN-chT2 Toth 1415"]
[Site "Hungary"]
[Date "2015.01.25"]
[Round "7.12"]
[White "Boa, Bence"]
[Black "Virag, Tamas"]
[Result "1/2-1/2"]
[WhiteElo "1606"]
[BlackElo "1618"]
[PlyCount "148"]
[EventDate "2014.09.07"]
[EventType "team-tourn"]
[EventRounds "11"]
[EventCountry "HUN"]
[SourceTitle "EXT 2016"]
[Source "ChessBase"]
[SourceDate "2015.10.08"]
[SourceVersion "1"]
[SourceVersionDate "2015.10.08"]
[SourceQuality "1"]
[WhiteTeam "Maroczy II"]
[BlackTeam "Toth Laszlo"]
[WhiteTeamCountry "HUN"]
[BlackTeamCountry "HUN"]

1. d4 Nf6 2. c4 Nc6 3. Nc3 e6 4. Nf3 Bb4 5. Bg5 Bxc3+ 6. bxc3 h6 7. Bxf6 Qxf6 8. e4 d6 9. Bd3 0-0 10. 0-0 e5 11. d5 Ne7 12. Rb1 Rb8 13. Qa4 a6 14. Qc2 Bg4 15. Nd2 a5 16. Rb2 b6 17. Rfb1 Ng6 18. f3 Bd7 19. Nb3 Ra8 20. a3 Ba4 21. Qd2 Qf4 22. Qxf4 Nxf4 23. Bf1 f5 24. g3 Ng6 25. exf5 Rxf5 26. Nd2 Raf8 27. Bd3 R5f6 28. Rf1 Ne7 29. g4 Be8 30. Kg2 Bg6 31. Ne4 Bxe4 32. Bxe4 Ng6 33. Bxg6 Rxg6 34. Re1 Rf4 35. c5 bxc5 36. Rb7 Rf7 37. Ra7 Rgf6 38. Re3 c6 39. Ra8+ Rf8 40. Rxf8+ Rxf8 41. dxc6 Rc8 42. Kg3 Rxc6 43. f4 exf4+ 44. Kxf4 Kf7 45. h4 Rb6 46. Ke4 Ke6 47. Kd3+ Kd5 48. c4+ Kc6 49. Kc2 Rb7 50. g5 hxg5 51. hxg5 Rf7 52. Re6 a4 53. Rg6 Kc7 54. Kc3 Rd7 55. Kc2 Kb6 56. Kc3 Ka5 57. Kb2 d5 58. cxd5 Rxd5 59. Rxg7 Kb5 60. Rb7+ Kc4 61. Ra7 Rd2+ 62. Kc1 Rg2 63. Rxa4+ Kc3 64. Kd1 Rxg5 65. Ra5 Rg1+ 66. Ke2 c4 67. Ra8 Ra1 68. a4 Ra2+ 69. Ke3 Kb4 70. a5 Rxa5 71. Rxa5 Kxa5 72. Kd2 Kb4 73. Kc2 c3 74. Kc1 Kb3 1/2-1/2